Fill in the Wiki Blanks - Germany - Statistics

General Stats
  • This quiz has been taken 26 times
    6 since last reset
  • The average score is 15 of 20
Answer Stats
Fill 'em in! % Correct
All {nuclear} power plants were phased out in 2023.
100%
East Germany selected East Berlin as its capital, while West Germany chose {Bonn} as a provisional capital.
100%
Germany has the world's oldest universal {health} care system, dating from Bismarck's social legislation.
100%
Germany's new leadership signed the Treaty of {Versailles} in 1919, accepting defeat by the Allies.
100%
In the 2005 elections, Angela Merkel became the first female {chancellor}.
100%
Ludwig van {Beethoven} was a crucial figure in the transition between the Classical and Romantic eras.
100%
The collections of folk tales published by the Brothers {Grimm} popularised German folklore.
100%
By 1942, Germany and its allies controlled most of continental Europe and North {Africa}.
80%
Germany is home to {Volkswagen} Group, the world's second-largest automotive manufacturer.
80%
Johannes Gutenberg introduced moveable-type {printing} to Europe.
80%
The fall of the Wall in 1989 became a symbol of the Fall of {Communism}.
80%
The first non-modern human fossil (the {Neanderthal}) was discovered in the Neander Valley.
80%
The nation's capital and most populous city is Berlin and its main financial centre is {Frankfurt}.
80%
{Charlemagne} founded the Carolingian Empire in 800; it was divided in 843.
60%
Members of the {Hanseatic} League, mostly north German towns, prospered in the expansion of trade.
60%
The country's largest city is Berlin, while its largest urban area is the {Ruhr}.
60%
Irreligion in Germany is strongest in the former East Germany, which used to be predominantly {Protestant}.
40%
The Congress of {Vienna} founded the German Confederation, a loose league of 39 sovereign states.
40%
The Nazi Party led by Adolf Hitler became the largest party in the {Reichstag} after the election of July 1932.
40%
Germany is the largest contributor to the European {Space} Agency.
0%
No matching quizzes found
Score Distribution
Percent of People with Each Score
Percentile by Number Answered
Your Score History
You have not taken this quiz since the last reset